| 000 | 00641nam a22001697a 4500 | ||
|---|---|---|---|
| 005 | 20231025064002.0 | ||
| 008 | 231025b |||||||| |||| 00| 0 eng d | ||
| 020 | _a9781601560810 | ||
| 041 | _aEnglish | ||
| 082 | _a347.1 HEA | ||
| 100 |
_aHeard HR, Walker SL with Cooley JW _lEnglish |
||
| 245 |
_aInternational Commercial Arbitration Advocacy : _bA Practitioner's Guide for American Lawyers / _cHR Heard, SL Walker with JW Cooley |
||
| 260 |
_aUnited States of America : _bNational Institute for Trail Advocacy, _c2010 |
||
| 300 |
_bx, 249 pages ; _c26,2 cm. _eCD |
||
| 650 |
_aLegal practice _bLaw |
||
| 942 |
_cBK _6ALISON_BN_VRIES |
||
| 999 |
_c36 _d36 |
||